Você conhece todos estes politicos famosos? - Statistics

Estatísticas Gerais
  • Esse quiz foi jogado 182 vezes
  • A pontuação média é 45 de 155
Estatísticas das Respostas
Imagem Resposta % Correto
Getúlio Vargas
91%
Lula
89%
Dilma
88%
Bolsonaro
87%
Marina Silva
85%
Sérgio Moro
84%
Ciro Gomes
81%
Collor
80%
Deodoro da Fonseca
80%
Temer
80%
FHC
78%
Eduardo Leite
76%
Enéas
76%
Jânio Quadros
74%
Simone Tebet
70%
Sarney
69%
Aécio Neves
66%
Geraldo Alckmin
65%
Romário
64%
Costa e Silva
63%
Itamar Franco
63%
Geisel
61%
Medici
61%
João Dória
58%
João Figueiredo
58%
JK
57%
Tancredo Neves
57%
Castelo Branco
54%
Serra
54%
Floriano Peixoto
53%
Zema
53%
Flávio Dino
51%
Eduardo Cunha
48%
Jango
48%
Brizola
47%
Eduardo Paes
45%
Suplicy
43%
Arthur Lira
41%
Café Filho
41%
Eduardo Campos
41%
Eurico Gaspar Dutra
41%
Gleisi Hoffmann
41%
Marta Suplicy
41%
Nilo Peçanha
40%
Luiza Erundina
39%
Rodrigo Maia
39%
Washington Luís
39%
Garotinho
38%
Hermes da Fonseca
38%
Maluf
37%
Ratinho Junior
36%
Caiado
34%
Eurico Miranda
34%
Rodrigo Pacheco
34%
Deltan Dallagnol
33%
Prudente de Morais
33%
Kalil
31%
Benedita da Silva
30%
Epitácio Pessoa
30%
Eymael
30%
Artur Bernardes
29%
Crivella
29%
Afonso Pena
28%
Álvaro Dias
28%
Sérgio Cabral
28%
Ulysses Guimarães
28%
Renan Calheiros
27%
Andrés Sanchez
26%
Carlos Luz
26%
Magno Malta
26%
Mario Covas
25%
Campos Sales
24%
Cid Gomes
24%
Júlio Prestes
24%
Randolfe Rodrigues
24%
Rodrigues Alves
23%
Delfim Moreira
22%
Hélder Bárbalho
22%
Venceslau Brás
22%
ACM
21%
Alcolumbre
20%
Luís Carlos Prestes
20%
Mercadante
20%
Olívio Dutra
20%
Olivio Dutra
20%
Ranieri Mazilli
20%
Requião
20%
Ibaneis Rocha
19%
Carlos Lacerda
18%
César Maia
18%
José Linhares
18%
Nereu Ramos
17%
Ciro Nogueira
16%
Jaques Wagner
16%
Zé Dirceu
16%
Genoíno
15%
Omar Aziz
15%
Tasso Jereissati
15%
Adhemar de Barros
14%
Paulo Paim
14%
Quércia
14%
Beto Richa
13%
Espiridião Amin
13%
Plínio Salgado
13%
Jader Bárbalho
12%
Renato Casagrande
12%
Roseana Sarney
12%
Miguel Arraes
11%
Renan Filho
11%
Romero Jucá
11%
Eduardo Gomes
10%
Marco Maciel
10%
Amazonino Mendes
9%
Cristovam Buarque
9%
Kátia Abreu
9%
Moreira Franco
9%
Waldez Goés
9%
Cássio Cunha Lima
8%
Otto Alencar
8%
Pedro Aleixo
8%
Wilson Lima
8%
Anastasia
7%
Eduardo Braga
7%
Jaime Lerner
7%
Montoro
7%
Aureliano Chaves
6%
Rodrigo Rollemberg
6%
Zé Maranhão
6%
Jarbas Vasconcelos
5%
Juarez Távora
5%
Magalhães Pinto
5%
Mão Santa
5%
Marconi Perillo
5%
Simão Jatene
5%
Afif
4%
Gilberto Mestrinho
4%
Pedro Simon
4%
Almir Gabriel
3%
Antônio Denarium
3%
Augusto Rademaker
3%
João Alves Filho
3%
Maguito Vilela
3%
Marcelo Déda
3%
Paulo Hartung
3%
Ramez Tebet
3%
Sérgio Petecão
3%
Siqueira Campos
3%
Teotônio Vilela Filho
3%
Confúcio Moura
2%
Irajá Abreu
2%
José Agripino Maia
2%
Célio de Castro
1%
Divaldo Suruagy
1%
José Roberto Arruda
1%
Luís Estevão
0%
Nenhum quiz correspondente encontrado
Distribuição das Pontuações
Porcentagem de Pessoas com Cada Pontuação
Percentil de Números Respondidos
Sua Pontuação Histórica
Você não jogou esse quiz